Chile y la Virgen del Carmen
Guardat en:
| Autor principal: | |
|---|---|
| Format: | Llibre |
| Idioma: | espanyol |
| Publicat: |
Santiago
Imprenta López
1964
|
| Matèries: | |
| Etiquetes: |
Afegir etiqueta
Sense etiquetes, Sigues el primer a etiquetar aquest registre!
|
MARC
| LEADER | 00000nam a2200000 a 4500 | ||
|---|---|---|---|
| 001 | UCI6687 | ||
| 003 | CL-VaPUC | ||
| 008 | 080523e19640000CL |||||||||||||||||spa|d | ||
| 082 | 0 | 4 | |a 232.91 |b RIE |2 21 |
| 100 | 0 | |a Riesco, Mauricio |e author |9 529650 | |
| 245 | 1 | 0 | |a Chile y la Virgen del Carmen |
| 300 | |a 96 p | ||
| 942 | |c BK | ||
| 945 | |d 20080523 00:00:00 |a rbrito | ||
| 260 | |a Santiago |b Imprenta López |c 1964 | ||
| 500 | |a Donación Padres Capuchinos | ||
| 600 | 0 | 7 | |a VIRGEN DEL CARMEN |2 CL-VaPUC |9 507338 |
| 650 | 0 | |a Mariología |9 365249 | |
| 651 | 7 | |a CHILE |2 CL-VaPUC |9 529651 | |
| 583 | |a last modification |c 20080523 00:00:00 |k Rodrigo Vera | ||
| 999 | |c 330137 |d 330135 | ||
| 952 | |0 0 |1 0 |4 0 |6 232_910000000000000_RIE_1964 |7 0 |8 X |9 415500 |a FDOBUD |b FDOBUD |d 2019-11-22 |i 4441397 |o 232.91 RIE 1964 |p 4441397 |r 2019-11-22 |w 2019-11-22 |y BK_X |k BUD | ||